[Event "Tourn. n8819"]
[Site "www.chess-mail.com"]
[Date "2016.07.28"]
[Round "1"]
[White "Pellix84"]
[Black "Jesmantiz"]
[WhiteElo "1910"]
[BlackElo "2030"]
[Result "0-1"]
[Round "1"]
1.d4 f5
2.g3 g6
3.Bf1g2 Ng8f6
4.Nb1c3 c6
5.Bc1g5 Bf8g7
6.h4 O-O
7.Qd1d2 Rf8f7
8.Ng1h3 d5
9.Nh3f4 Qd8b6
10.Nc3a4 Qb6c7
11.Na4c5 Qc7d6
12.h5 Nf6e4
13.Bg2xe4 dxe4
14.hxg6 hxg6
15.O-O-O b6
16.Nc5a4 Nb8a6
17.Na4c3 Na6c7
18.d5 c5
19.Bg5h6 Bc8a6
20.Bh6xg7 Rf7xg7
21.Rh1h6 b5
22.Rd1h1 Kf7
23.Rh6h7 Ra8g8
24.Nc3d1 Ba6b7
25.Nd1e3 Rg7xh7
26.Rh1xh7 Rg8g7
27.Rh7h6 Bb7c8
28.a3 Bc8d7
29.Qd2c3 e6
30.Ne3xf5 exf5
31.Nf4h5 Nc7e8
32.Nh5xg7 Ne8xg7
33.Rh6h7 Qd6f8
34.Qc3a5 Kg8
35.Rh7h6 Qf8f6
36.Qa5xa7 Qf6g5
37.Kb1 Qg5xh6
38.Qa7xd7 Qh6h1
39.Ka2 Qh1d1
40.Qd7c8 Kf7
41.Qc8xc5 Qd1xe2
42.Qc5c7 Kf8
43.Qc7d6 Kf7
44.Qd6d7 Kf8
45.d6 Qe2c4
46.Kb1 Qc4d5
47.Qd7e7 Kg8
48.d7 Ng7e6
49.Qe7xe6 Qd5xe6
50.d8Q Kg7
51.Qd8d4 Kf7
52.a4 bxa4
53.Qd4xa4 g5
54.Qa4b3 Qe6xb3
55.cxb3 Ke6
56.Kc2 Kd5
57.Kc3 f4
58.gxf4 gxf4
59.b4 f3
60.b5 e3
61.b6 Kc6
{ resign }
0-1

[Event "Tourn. n8859"]
[Site "www.chess-mail.com"]
[Date "2016.07.28"]
[Round "1"]
[White "Daquata"]
[Black "Bichoraro92"]
[WhiteElo "1880"]
[BlackElo "1719"]
[Result "1-0"]
[Round "1"]
1.e4 e5
2.Ng1f3 Ng8f6
3.Nf3xe5 d6
4.Ne5f3 Nf6xe4
5.d4 d5
6.Bf1d3 Bf8e7
7.O-O O-O
8.Rf1e1 Ne4f6
9.Bc1f4 Bc8g4
10.Nb1d2 Nb8c6
11.c3 Qd8d7
12.Qd1c2 Be7d6
13.Bf4g5 Bg4h5
14.Bg5xf6 gxf6
15.Bd3xh7 Kg7
16.Bh7d3 Rf8h8
17.Bd3f5 Qd7d8
18.Bf5h3 Bh5g6
19.Qc2b3 Ra8b8
20.Nd2f1 Nc6e7
21.Nf1g3 c6
22.Ra1d1 Qd8c7
23.Re1e3 Bd6f4
24.Re3e1 Bf4xg3
25.fxg3 Bg6e4
26.Re1e3 Ne7g6
27.Nf3d2 f5
28.Rd1f1 Rh8h5
29.c4 Rb8h8
30.Qb3c3 Qc7d8
31.Qc3b4 Qd8g5
32.Qb4c3 Ng6e7
33.Nd2f3 Qg5h6
34.Nf3h4 Rh5xh4
35.gxh4 f4
36.Re3e1 Qh6xh4
37.Qc3d2 Qh4g5
38.Qd2xf4 Qg5xf4
39.Rf1xf4 Ne7g6
40.Rf4f2 Rh8h4
41.Re1f1 f5
42.Bh3xf5 Be4xf5
43.Rf2xf5 Rh4xd4
44.cxd5 Rd4xd5
45.Rf5f7 Kh6
46.Rf7xb7 Rd5d2
47.g3 Ng6e5
48.Rf1f2 Rd2d1
49.Kg2 Ne5g4
50.Rf2e2 Rd1d3
51.Rb7xa7 Ng4e3
52.Kh3 Kg5
53.Ra7c7 Ne3f5
54.Rc7xc6 Rd3d5
55.Rc6c8 Rd5d4
56.a3 Nf5g7
57.b4 Ng7h5
58.Re2e5 Kg6
59.Rc8c6 Nh5f6
60.Re5e6 { resign }
1-0

[Event "Tourn. n8827"]
[Site "www.chess-mail.com"]
[Date "2016.07.28"]
[Round "1"]
[White "Amaya"]
[Black "Tevere"]
[WhiteElo "2020"]
[BlackElo "1940"]
[Result "1/2-1/2"]
[Round "1"]
1.d4 Ng8f6
2.e3 d5
3.Bf1d3 e6
4.Nb1d2 c5
5.c3 c4
6.Bd3c2 Nb8c6
7.f4 Bf8d6
8.Ng1f3 O-O
9.O-O Nf6g4
10.Qd1e2 f5
11.Nf3e5 Nc6xe5
12.fxe5 Bd6e7
13.h3 Ng4h6
14.Qe2h5 Bc8d7
15.Qh5e2 Qd8e8
16.Nd2f3 Qe8g6
17.Bc1d2 b5
18.Bd2e1 Nh6f7
19.Be1h4 Be7xh4
20.Nf3xh4 Qg6g3
21.Nh4f3 Bd7c6
22.a3 Ra8b8
23.Ra1b1 Qg3g6
24.Nf3h4 Qg6h6
25.Qe2f2 Rb8e8
26.Bc2d1 Nf7g5
27.Nh4f3 Ng5e4
28.Qf2e1 Qh6g6
29.Nf3h4 Qg6g3
30.Qe1xg3 Ne4xg3
31.Rf1f2 Ng3e4
32.Rf2e2 g5
33.Nh4f3 g4
34.hxg4 fxg4
35.Nf3h2 h5
36.Bd1c2 Ne4g3
37.Re2f2 Rf8xf2
38.Kxf2 Ng3f5
39.Rb1h1 g3
40.Ke2 gxh2
41.Rh1xh2 Re8e7
42.Bc2xf5 exf5
43.Rh2xh5 Bc6d7
44.Rh5h6 Re7e6
45.Rh6h5 Re6g6
46.Kf3 a5
47.g3 a4
48.Kf4 Kg7
49.Rh5h4 Rg6h6
{ draw }
1/2-1/2

[Event "Match"]
[Site "www.echecsemail.com"]
[Date "2016.07.28"]
[Round "1"]
[White "Karpov35"]
[Black "Micheles"]
[WhiteElo "1809"]
[BlackElo "2560"]
[Result "0-1"]
[Round "1"]
1.c4 Ng8f6
2.Nb1c3 e5
3.g3 Bf8b4
4.Bf1g2 O-O
5.a3 Bb4xc3
6.bxc3 Rf8e8
7.e4 c6
8.Ng1e2 d5
9.cxd5 cxd5
10.exd5 Nf6xd5
11.O-O Nb8c6
12.Qd1b3 Nd5b6
13.Rf1d1 Qd8d3
14.Bg2f1 Bc8e6
15.Qb3b1 Qd3f3
16.Rd1e1 Be6d5
{ resign }
0-1

[Event "Match"]
[Site "www.echecsemail.com"]
[Date "2016.07.28"]
[Round "1"]
[White "Powerchess"]
[Black "Karlgrocer"]
[WhiteElo "1510"]
[BlackElo "2100"]
[Result "0-1"]
[Round "1"]
1.d4 d5
2.Bc1f4 e6
3.e3 Ng8f6
4.c3 Bf8e7
5.Ng1f3 O-O
6.Bf1d3 a6
7.O-O Nb8d7
8.Nf3e5 Nd7xe5
9.Bf4xe5 Nf6d7
10.Be5g3 c5
11.Nb1d2 c4
12.Bd3c2 b5
13.a4 b4
 { time }
0-1

[Event "Match"]
[Site "www.echecsemail.com"]
[Date "2016.07.28"]
[Round "1"]
[White "Biggles"]
[Black "Drawlward"]
[WhiteElo "2100"]
[BlackElo "1809"]
[Result "0-1"]
[Round "1"]
1.e4 c5
2.d4 cxd4
3.Ng1f3 d6
4.Bf1c4 Ng8f6
5.O-O Nf6xe4
6.Qd1xd4 Ne4f6
7.Nb1c3 Nb8c6
8.Qd4d3 e6
9.Bc1g5 Bf8e7
10.Ra1d1 d5
11.Bc4b3 O-O
12.Bg5xf6 Be7xf6
13.Rf1e1 a6
14.Qd3e2 b5
15.Bb3xd5 exd5
16.Nc3xd5 Bc8e6
17.Nd5f4 Qd8c8
18.b3 Rf8d8
19.Rd1xd8 Nc6xd8
20.Nf4d5 Qc8c5
21.Nd5xf6 gxf6
22.Qe2e4 Ra8c8
23.Nf3d4 Qc5e5
24.Qe4xe5 fxe5
25.Re1xe5 Kg7
26.h4 Kf6
27.Re5e3 Nd8c6
28.Nd4f3 Nc6b4
29.Nf3g5 Nb4xc2
30.Re3f3 Kg6
31.Rf3g3 Kh6
32.Ng5e4 Nc2b4
33.a3 Nb4c2
34.a4 bxa4
35.bxa4 Rc8c4
36.Ne4f6 Rc4xa4
37.Nf6g8 Kh5
38.Ng8f6 Kxh4
39.Rg3g7 Be6f5
40.Kh2 Bf5g6
41.f4 Ra4xf4
42.g3 Kg5
43.Nf6xh7 Kh6
{ resign }
0-1

[Event "Match"]
[Site "www.echecsemail.com"]
[Date "2016.07.28"]
[Round "1"]
[White "Mitja"]
[Black "Bojan"]
[WhiteElo "1950"]
[BlackElo "1930"]
[Result "0-1"]
[Round "1"]
1.d4 d5
2.e3 a6
3.c3 e6
4.Ng1f3 h6
5.Nb1d2 Bf8d6
6.Nd2b3 b6
7.Bf1d3 Bc8b7
8.Bc1d2 Nb8d7
9.Qd1e2 Ng8f6
10.h3 c6
11.e4 dxe4
12.Bd3xe4 Nf6xe4
13.Qe2xe4 Qd8f6
14.a3 Ra8b8
15.Qe4d3 Rb8d8
16.O-O c5
17.dxc5 Nd7xc5
18.Qd3c2 Bb7xf3
19.Nb3xc5 Bd6xc5
20.gxf3 Qf6xf3
21.Bd2e3 Bc5xe3
22.fxe3 Qf3xe3
23.Qc2f2 Qe3g5
24.Kh1 Qg5d5
25.Kg1 O-O
26.Ra1e1 Rd8d6
27.Re1e2 e5
28.Qf2f3 Rd6g6
29.Kh2 Qd5e6
30.Qf3e4 Rg6g5
31.Re2g2 f5
32.Qe4f3 e4
33.Qf3f4 Rg5xg2
34.Kxg2 g5
35.Qf4e3 Rf8d8
36.Qe3e2 f4
37.Rf1d1 f3
{ resign }
0-1

[Event "1/128 Finale"]
[Site "www.chess-mail.com"]
[Date "2016.07.28"]
[Round "1"]
[White "Attatroll"]
[Black "Jhzes"]
[WhiteElo "1910"]
[BlackElo "1870"]
[Result "0-1"]
[Round "1"]
1.e4 d6
2.Ng1f3 e5
3.d4 exd4
4.Nf3xd4 Ng8f6
5.Nb1c3 Nb8c6
6.Bf1b5 Bc8d7
7.Nd4xc6 bxc6
8.Bb5d3 Bf8e7
9.O-O O-O
10.Bc1e3 Nf6g4
11.Be3f4 Be7g5
12.Bf4xg5 Qd8xg5
13.Qd1f3 Qg5e5
14.Qf3g3 Qe5xg3
15.hxg3 Ra8e8
16.Ra1e1 Re8e6
17.Bd3c4 Re6h6
18.f4 Kh8
19.f5 Ng4e5
20.Bc4b3 a6
21.Nc3e2 c5
22.Ne2f4 c4
23.Nf4d5 cxb3
24.axb3 c5
25.f6 g6
26.Nd5f4 Bd7b5
27.c4 Bb5c6
28.Nf4h3 Ne5d3
29.Re1d1 Bc6xe4
30.Nh3g5 Nd3xb2
31.Ng5xe4 Nb2xd1
32.Rf1xd1 Rh6h5
33.Rd1xd6 Rh5e5
34.Ne4c3 Rf8a8
35.Nc3d5 Re5e1
36.Kh2 a5
37.Nd5f4 Re1e3
38.Rd6d7 Re3xb3
39.Rd7xf7 Kg8
40.Rf7g7 Kh8
41.Nf4e6 Rb3b4
42.f7 Ra8f8
43.Rg7g8 Rf8xg8
44.fxg8Q Kxg8
45.Ne6xc5 Rb4xc4
46.Nc5b3 a4
47.Nb3d2 Rc4c1
{ resign }
0-1

[Event "1/128 Finale"]
[Site "www.chess-mail.com"]
[Date "2016.07.28"]
[Round "1"]
[White "Sachpat"]
[Black "Drawlward"]
[WhiteElo "2199"]
[BlackElo "1809"]
[Result "1/2-1/2"]
[Round "1"]
1.e4 c5
2.Ng1f3 d6
3.d4 cxd4
4.Nf3xd4 Ng8f6
5.Nb1c3 a6
6.Bf1e2 e5
7.Nd4b3 Bf8e7
8.O-O O-O
9.Bc1e3 Bc8e6
10.Qd1d2 Nb8d7
11.a4 Ra8c8
12.a5 Qd8c7
13.Rf1d1 Rf8e8
14.f3 h6
15.Be2f1 Re8d8
16.Bf1e2 Nd7c5
17.Nb3xc5 dxc5
18.Qd2e1 Rd8xd1
19.Be2xd1 Rc8d8
20.Bd1e2 Qc7c6
21.Qe1g3 c4
22.Kh1 Qc6d6
23.Nc3a4 Nf6h5
24.Qg3e1 Qd6c6
25.Be2f1 Nh5f6
26.Na4b6 Nf6d7
27.Nb6d5 Be6xd5
28.exd5 Qc6xd5
29.Qe1c3 Rd8c8
30.b3 Be7c5
31.Bf1xc4 Bc5xe3
32.Qc3xe3 Qd5d6
33.Qe3e1 Nd7f6
34.Ra1d1 Qd6c5
35.g3 Qc5c6
36.Qe1e3 e4
{ draw }
1/2-1/2

[Event "Fast Game"]
[Site "www.echecsemail.com"]
[Date "2016.07.28"]
[Round "1"]
[White "Attatroll"]
[Black "Pellix84"]
[WhiteElo "1840"]
[BlackElo "1660"]
[Result "1-0"]
[Round "1"]
1.e4 c6
2.Ng1f3 d5
3.exd5 cxd5
4.Nf3e5 Ng8f6
5.d4 Nb8c6
6.Bf1b5 Qd8b6
7.Bb5xc6 bxc6
8.O-O e6
9.c3 c5
10.Qd1a4 Bc8d7
11.Ne5xd7 Nf6xd7
12.Nb1a3 cxd4
13.cxd4 Ra8b8
14.b3 Bf8d6
15.Bc1e3 Qb6c7
16.Ra1c1 Qc7b7
17.Rc1c2 O-O
18.Rf1c1 Nd7b6
19.Qa4a5 Rf8c8
20.Na3b5 Rc8xc2
21.Rc1xc2 Bd6e7
22.Rc2c7 { resign }
1-0

[Event "Tourn. n8881"]
[Site "www.chess-mail.com"]
[Date "2016.07.29"]
[Round "1"]
[White "Attatroll"]
[Black "Picifarkinca"]
[WhiteElo "1910"]
[BlackElo "1990"]
[Result "0-1"]
[Round "1"]
1.e4 e5
2.f4 exf4
3.Ng1f3 d5
4.exd5 Ng8f6
5.Nb1c3 Bc8g4
6.Bf1e2 c6
7.dxc6 Nb8xc6
8.O-O Bf8d6
9.d4 O-O
10.h3 Bg4f5
11.Nf3h4 Bf5g6
12.Nh4xg6 hxg6
13.Bc1xf4 Bd6xf4
14.Rf1xf4 Qd8b6
15.Ra1b1 Ra8d8
16.Nc3a4 Qb6a5
17.c3 Qa5c7
18.Qd1f1 Nf6d5
19.Rf4f3 Nd5f6
20.Na4c5 b6
21.Nc5a6 Qc7c8
22.Be2b5 Nf6e4
23.Qf1d3 Ne4f6
24.Bb5xc6 Qc8xc6
25.Na6b4 Qc6e4
26.Rb1f1 Rf8e8
27.Qd3xe4 Re8xe4
28.Nb4c6 Rd8d7
29.Nc6e5 Rd7c7
30.g4 Re4e2
31.g5 Nf6e4
32.Ne5xf7 Ne4d2
33.Kh1 Nd2xf3
34.Rf1xf3 Rc7xf7
35.Rf3xf7 Kxf7
{ resign }
0-1

[Event "Tourn. n8878"]
[Site "www.chess-mail.com"]
[Date "2016.07.29"]
[Round "1"]
[White "Raven16"]
[Black "Glenno"]
[WhiteElo "2260"]
[BlackElo "2420"]
[Result "0-1"]
[Round "1"]
1.e4 e5
2.Ng1f3 Nb8c6
3.Bf1b5 a6
4.Bb5a4 Ng8f6
5.O-O Bf8e7
6.Rf1e1 b5
7.Ba4b3 O-O
8.d3 d6
9.h3 Bc8b7
10.Nb1d2 Nc6a5
11.c3 c5
12.d4 Qd8c7
13.Nd2f1 Na5xb3
14.Qd1xb3 Nf6xe4
15.dxe5 dxe5
16.Qb3c2 f5
{ resign }
0-1

[Event "Tourn. n8864"]
[Site "www.chess-mail.com"]
[Date "2016.07.29"]
[Round "1"]
[White "Raven16"]
[Black "Destructor"]
[WhiteElo "2240"]
[BlackElo "2319"]
[Result "0-1"]
[Round "1"]
1.d4 Ng8f6
2.c4 g6
3.Nb1c3 Bf8g7
4.e4 d6
5.f4 O-O
6.Ng1f3 c5
7.d5 e6
8.Bf1d3 exd5
9.cxd5 Rf8e8
10.O-O c4
11.Bd3c2 Nb8a6
12.h3 b5
13.Nc3xb5 Qd8b6
14.Nb5d4 Nf6xe4
15.Kh2 Bc8b7
16.Bc2a4 Re8e7
{ resign }
0-1

[Event "Tourn. n8859"]
[Site "www.chess-mail.com"]
[Date "2016.07.29"]
[Round "1"]
[White "Gatrooper"]
[Black "Daquata"]
[WhiteElo "1620"]
[BlackElo "1850"]
[Result "0-1"]
[Round "1"]
1.d4 Ng8f6
2.Nb1c3 d5
3.h3 e6
4.Ng1f3 c5
5.dxc5 Bf8xc5
6.Bc1e3 Bc5xe3
7.fxe3 Qd8b6
8.b3 Qb6xe3
9.Qd1d3 Qe3c5
10.Nf3e5 O-O
11.e3 Nb8c6
12.Nc3a4 Qc5d6
13.Ne5xc6 bxc6
14.Na4c3 Bc8b7
15.O-O-O Rf8d8
16.g4 c5
17.g5 Nf6d7
18.g6 fxg6
19.h4 d4
20.exd4 Bb7xh1
21.Nc3b5 Qd6a6
22.Nb5c7 Qa6xd3
23.Bf1xd3 Ra8c8
24.Nc7xe6 Rd8e8
25.Rd1xh1 Re8xe6
26.Bd3c4 Rc8e8
27.Rh1e1 Kf7
28.Bc4xe6 Re8xe6
29.Re1f1 Nd7f6
30.d5 Re6d6
31.c4 Rd6d7
32.Kb2 Rd7e7
33.d6 Re7d7
34.Rf1d1 Nf6e4
35.a4 Rd7xd6
36.Rd1e1 Ne4f6
37.Re1f1 a5
38.b4 axb4
39.a5 Kg8
40.Kb3 Rd6d3
41.Ka4 Rd3a3
42.Kb5 b3
43.a6 b2
44.Rf1b1 Ra3b3
45.Kxc5 Nf6d7
46.Kd4 Rb3a3
47.Rb1xb2 Ra3xa6
48.c5 Ra6a4
49.Kd5 Nd7xc5
50.Kxc5 Ra4xh4
51.Kd6 h5
52.Ke7 g5
53.Rb2b8 Kh7
54.Kf7 Rh4f4
55.Ke8 h4
56.Rb8b1 g4
57.Rb1b5 Kh6
58.Rb5b6 g6
59.Rb6b1 g3
60.Ke7 h3
61.Rb1b3 h2
62.Rb3b1 g2
63.Ke6 g1R
64.Rb1b8 Rg1e1
65.Kd6 Rf4d4
66.Kc5 h1Q
67.Rb8h8 Kg7
68.Rh8xh1 Re1xh1
69.Kxd4 Rh1e1
70.Kd5 Kf6
71.Kd4 Kf5
72.Kd3 Kf4
73.Kd2 Re1e8
74.Kd3 Re8e7
75.Kd4 Re7d7
76.Kc4 Ke5
77.Kc5 Rd7c7
78.Kb6 Rc7c1
79.Kb5 Kd4
{ resign }
0-1

[Event "Tourn. n8878"]
[Site "www.chess-mail.com"]
[Date "2016.07.29"]
[Round "1"]
[White "Senitram"]
[Black "Raven16"]
[WhiteElo "2710"]
[BlackElo "2260"]
[Result "1-0"]
[Round "1"]
1.Ng1f3 Ng8f6
2.d4 d5
3.c4 c6
4.e3 e6
5.Nb1c3 Bf8d6
6.Bf1d3 O-O
7.O-O dxc4
8.Bd3xc4 b5
9.Bc4e2 Bc8b7
10.e4 Bd6e7
11.e5 Nf6d5
12.Nc3xd5 { resign }
1-0

[Event "Tourn. n8872"]
[Site "www.chess-mail.com"]
[Date "2016.07.29"]
[Round "1"]
[White "Osopanda"]
[Black "Pwain"]
[WhiteElo "2010"]
[BlackElo "2270"]
[Result "0-1"]
[Round "1"]
1.c4 c5
2.Ng1f3 Ng8f6
3.d4 cxd4
4.Nf3xd4 b6
5.Nb1c3 Bc8b7
6.f3 Nb8c6
7.e4 e6
8.Bc1e3 Bf8c5
9.Nd4xc6 Bb7xc6
10.Be3xc5 bxc5
11.Bf1e2 O-O
12.e5 Nf6h5
13.Qd1d2 Qd8h4
14.Kf1 f6
15.Nc3e4 Bc6xe4
16.Kg1 Be4c6
17.exf6 Rf8xf6
18.Qd2e3 Ra8f8
19.Ra1f1 Rf6g6
20.Rf1f2 Nh5f4
21.Be2f1 Nf4h3
{ resign }
0-1

[Event "Tourn. n8857"]
[Site "www.chess-mail.com"]
[Date "2016.07.29"]
[Round "1"]
[White "Julian"]
[Black "Gearoidmac"]
[WhiteElo "2050"]
[BlackElo "2240"]
[Result "0-1"]
[Round "1"]
1.e4 e6
2.d4 d5
3.e5 c5
4.c3 Nb8c6
5.Ng1e2 f6
6.f4 cxd4
7.cxd4 fxe5
8.fxe5 Bf8b4
9.Nb1c3 Qd8h4
10.Kd2 Ng8e7
11.Kc2 Ne7f5
12.g3 Nf5xd4
13.Ne2xd4 Qh4xd4
14.Qd1xd4 Nc6xd4
15.Kd1 O-O
16.Bc1e3 Nd4f3
17.Be3f4 d4
18.Nc3e4 Bc8d7
19.Ke2 Nf3xe5
20.Bf4xe5 Bd7b5
21.Kd1 Bb5xf1
22.Ne4d2 Bf1g2
23.Rh1g1 Rf8f2
24.Nd2c4 Bg2f3
25.Kc1 Ra8c8
26.b3 Bb4a3
{ resign }
0-1

[Event "Tourn. n8808"]
[Site "www.chess-mail.com"]
[Date "2016.07.29"]
[Round "1"]
[White "Silent1"]
[Black "Umutkrc"]
[WhiteElo "1850"]
[BlackElo "1800"]
[Result "0-1"]
[Round "1"]
1.d4 e6
2.c4 c6
3.Nb1c3 Bf8b4
4.e3 Bb4xc3
5.bxc3 Ng8f6
6.Bf1d3 d5
7.Ng1f3 Qd8a5
8.Qd1c2 Nb8d7
9.O-O Nf6e4
10.Bc1b2 Nd7f6
11.c5 b6
12.Nf3e5 Bc8d7
13.Bd3xe4 Nf6xe4
14.Ne5xd7 Kxd7
15.f3 Ne4g5
16.h4 h6
17.hxg5 hxg5
18.a4 bxc5
19.Kf2 Qa5d8
20.dxc5 g4
21.e4 g3
22.Ke3 Qd8g5
23.f4 Qg5e7
24.Bb2a3 e5
25.exd5 exf4
26.Kd2 Qe7e3
27.Kd1 Ra8d8
28.Qc2f5 Kc7
29.d6 Kb8
30.Qf5xf4 Qe3d3
31.Kc1 Qd3xc3
32.Kb1 Ka8
33.Ba3b2 Rd8b8
34.Ra1a2 Rb8b4
35.Qf4c1 Qc3d3
36.Ka1 Rh8h4
37.Rf1xf7 Rb4xa4
38.Rf7f8 Kb7
39.Rf8f7 Ka6
{ resign }
0-1

[Event "Tourn. n8853"]
[Site "www.chess-mail.com"]
[Date "2016.07.29"]
[Round "1"]
[White "Fred"]
[Black "Xkafi"]
[WhiteElo "1990"]
[BlackElo "1890"]
[Result "1-0"]
[Round "1"]
1.e4 e5
2.f4 exf4
3.Ng1f3 a6
4.d4 d6
5.Bc1xf4 Nb8c6
6.c3 Bc8g4
7.Bf1d3 h6
8.O-O g5
9.Bf4g3 h5
10.h3 Bg4d7
11.Qd1e2 g4
12.e5 gxf3
13.Qe2xf3 dxe5
14.Nb1d2 Qd8e7
15.Ra1e1 O-O-O
16.Bg3xe5 Rh8h6
17.Be5f4 Rh6e6
18.Re1xe6 fxe6
19.Qf3xh5 Qe7g7
20.Qh5f3 Ng8f6
21.Nd2c4 Nf6d5
22.Bf4e5 Nc6xe5
23.Nc4xe5 Bd7c6
24.Ne5xc6 bxc6
25.Bd3xa6 Kb8
26.Qf3d1 c5
27.Qd1b3 Nd5b6
28.Qb3xe6 cxd4
29.Qe6c6 { resign }
1-0

[Event "Match"]
[Site "www.echecsemail.com"]
[Date "2016.07.29"]
[Round "1"]
[White "Orae"]
[Black "Ditto"]
[WhiteElo "1720"]
[BlackElo "1620"]
[Result "0-1"]
[Round "1"]
1.e4 e5
2.Bf1c4 Nb8c6
3.Ng1f3 Bf8c5
4.d3 d6
5.Bc4xf7 Kxf7
6.Nf3g5 Ke8
7.Qd1f3 Qd8e7
8.O-O Ng8f6
9.Bc1e3 Bc5xe3
10.fxe3 Bc8g4
11.Qf3g3 O-O-O
12.h3 Bg4d7
13.Nb1c3 Nc6b4
14.Qg3f2 h6
15.Ng5f3 g5
16.a3 Nb4c6
17.Nc3d5 Nf6xd5
18.exd5 Nc6b8
19.e4 Rd8f8
20.g4 Bd7b5
21.c4 Bb5d7
22.Qf2xa7 h5
23.Qa7f2 hxg4
24.hxg4 Bd7xg4
25.Qf2g3 Bg4d7
26.b4 g4
27.Nf3h2 Rh8h3
28.Qg3g2 Rf8h8
29.Nh2xg4 Bd7xg4
30.Qg2xg4 Nb8d7
31.c5 Rh3h1
32.Kf2 Qe7f6
33.Ke2 Rh1h2
34.Ke1 Qf6h4
35.Qg4xh4 Rh2xh4
36.cxd6 cxd6
37.Ra1c1 Kb8
38.a4 Nd7b6
39.a5 Nb6d7
40.b5 Nd7c5
41.Kd1 Nc5xd3
42.Rc1c3 Nd3c5
43.b6 Rh4xe4
44.Rc3h3 Re4d4
45.Kc2 Rh8c8
46.Kb1 Rd4xd5
47.Ka2 Nc5a6
48.Rh3f3 Rd5xa5
49.Kb3 Ra5b5
50.Ka3 Rb5xb6
51.Rf1d1 Rb6c6
52.Rd1b1 Na6c5
53.Rf3f7 Rc6a6
54.Kb2 Ra6b6
55.Ka2 Rb6xb1
56.Kxb1 e4
{ resign }
0-1

[Event "Match"]
[Site "www.echecsemail.com"]
[Date "2016.07.29"]
[Round "1"]
[White "Ztornad"]
[Black "Guidom"]
[WhiteElo "1750"]
[BlackElo "2050"]
[Result "0-1"]
[Round "1"]
1.e4 e5
2.Ng1f3 Nb8c6
3.Nb1c3 d6
4.Nc3d5 Bc8g4
5.Bf1e2 Ng8f6
6.Nd5xf6 Qd8xf6
7.h3 Bg4h5
8.b3 Bh5xf3
9.Be2xf3 Nc6d4
10.c3 Nd4xf3
11.Qd1xf3 Qf6xf3
12.gxf3 O-O-O
13.Bc1a3 Bf8e7
14.O-O-O f5
15.exf5 Rd8f8
16.Rh1g1 Rh8g8
17.d4 exd4
18.Rd1xd4 Rf8xf5
19.Rd4g4 g6
20.Rg1e1 Kd7
21.f4 h5
22.Rg4g3 Rf5xf4
23.Re1e2 g5
24.Rg3e3 Rg8g7
25.Ba3b2 Rg7f7
26.Kd2 g4
27.hxg4 hxg4
28.c4 Be7g5
29.Kd1 Rf4xf2
30.Re3g3 Rf2xe2
31.Kxe2 Rf7e7
32.Kd1 Re7e4
33.a4 Bg5h4
34.Rg3g2 g3
35.Kd2 Re4f4
36.Kc1 Rf4f2
37.Rg2g1 g2
38.Kb1 Rf2f1
39.Ka2 Rf1xg1
40.Bb2d4 Rg1d1
41.Bd4xa7 b6
42.c5 dxc5
43.a5 g1Q
44.Kb2 Qg1d4
45.Kc2 Qd4d2
{ resign }
0-1

[Event "Match"]
[Site "www.echecsemail.com"]
[Date "2016.07.29"]
[Round "1"]
[White "Ditto"]
[Black "Jhzes"]
[WhiteElo "1700"]
[BlackElo "1809"]
[Result "0-1"]
[Round "1"]
1.d4 Ng8f6
2.Ng1f3 e6
3.Bc1g5 d6
4.e3 Nb8c6
5.Bf1b5 Bc8d7
6.O-O Bf8e7
7.Nb1c3 a6
8.Bb5d3 h6
9.Bg5f4 g5
10.Bf4g3 b5
11.Nc3e2 Nc6a7
12.c3 c6
13.e4 Nf6h5
14.e5 d5
15.Nf3e1 Nh5xg3
16.Ne2xg3 f5
17.Qd1h5 Kf8
18.Qh5e2 g4
19.f3 h5
20.fxg4 hxg4
21.Ne1c2 Be7h4
22.Qe2e3 Bh4g5
23.Qe3e1 Qd8e7
24.Bd3e2 Qe7h7
25.Kf2 f4
26.Ng3h1 Qh7xh2
27.Be2xg4 Bg5h4
28.Ke2 Bh4xe1
29.Ra1xe1 Qh2xg2
30.Nh1f2 Ke7
31.Rf1g1 Qg2h2
32.Re1f1 Ra8g8
33.Nc2e1 Qh2h6
34.Ne1d3 f3
35.Kxf3 Rg8f8
36.Ke2 Bd7e8
37.Ke1 Be8g6
38.Nd3c5 Qh6c1
39.Bg4d1 Qc1xb2
40.Rg1g2 Qb2xc3
41.Ke2 Bg6h5
{ resign }
0-1

[Event "Match"]
[Site "www.echecsemail.com"]
[Date "2016.07.29"]
[Round "1"]
[White "Ditto"]
[Black "Pimpampum"]
[WhiteElo "1780"]
[BlackElo "2190"]
[Result "0-1"]
[Round "1"]
1.d4 Ng8f6
2.Ng1f3 d6
3.Bc1g5 Nb8d7
4.e3 e5
5.dxe5 dxe5
6.Bf1b5 Bf8d6
7.Nb1c3 h6
8.Bg5h4 O-O
9.O-O a6
10.Bb5e2 Qd8e7
11.Nc3d5 Qe7e6
12.b3 Qe6xd5
13.Be2c4 Qd5e4
14.Bc4d3 Qe4c6
15.Bh4g3 Qc6c5
16.Bd3c4 b5
17.Bc4d3 e4
18.Bg3xd6 Qc5xd6
19.Bd3e2 Qd6xd1
20.Ra1xd1 exf3
21.Be2xf3 Ra8b8
22.Bf3c6 Nd7e5
23.Bc6d5 Bc8b7
24.Bd5xb7 Rb8xb7
25.f3 c5
26.Rf1e1 Rf8c8
27.Rd1d6 Rc8c6
28.Rd6d8 Kh7
29.e4 c4
30.Re1d1 cxb3
31.cxb3 Rb7d7
32.Rd8b8 Rd7xd1
33.Kf2 Nf6h5
34.Rb8e8 f6
{ resign }
0-1

[Event "Match"]
[Site "www.echecsemail.com"]
[Date "2016.07.29"]
[Round "1"]
[White "Whitekknight"]
[Black "Babedad"]
[WhiteElo "1920"]
[BlackElo "1969"]
[Result "0-1"]
[Round "1"]
1.e4 e6
2.d4 d5
3.exd5 exd5
4.Bf1e2 Bf8d6
5.Nb1c3 Ng8e7
6.Ng1f3 Bc8f5
7.O-O O-O
8.Bc1g5 f6
9.Bg5e3 c6
10.h3 Nb8d7
11.Qd1d2 Rf8e8
12.Be3f4 Qd8c7
13.Bf4xd6 Qc7xd6
14.Rf1e1 Nd7f8
15.Kh1 Ne7g6
16.Be2f1 Ng6f4
17.Nc3e2 Nf8g6
18.Nf3g1 Bf5e4
19.f3 Be4f5
20.g3 Nf4xe2
21.Ng1xe2 Re8e7
22.Kg2 Ra8e8
23.Kf2 Bf5d7
24.Ne2f4 Re7xe1
25.Ra1xe1 Re8xe1
26.Kxe1 Ng6xf4
27.Qd2xf4 Qd6xf4
28.gxf4 h5
29.h4 Bd7f5
30.c3 Kf7
31.Kd2 Ke6
32.b4 b6
33.a3 Kd6
34.Bf1e2 Ke6
35.Ke3 Kd6
36.Be2d3 Bf5xd3
37.Kxd3 Ke6
38.Ke2 Kf5
39.Ke3 g5
40.fxg5 fxg5
41.hxg5 Kxg5
42.f4 Kf5
43.Kf3 h4
44.a4 h3
45.Kg3 h2
46.Kxh2 Kxf4
47.Kg2 Ke3
{ resign }
0-1

[Event "1/64 Finale"]
[Site "www.chess-mail.com"]
[Date "2016.07.29"]
[Round "1"]
[White "Raven16"]
[Black "Snoopy"]
[WhiteElo "2260"]
[BlackElo "2280"]
[Result "0-1"]
[Round "1"]
1.c4 b6
2.Nb1c3 Bc8b7
3.d4 e6
4.e4 Bf8b4
5.Bf1d3 Ng8f6
6.Qd1c2 Nb8c6
7.Ng1f3 d5
8.cxd5 exd5
9.e5 Nf6e4
10.O-O Ne4xc3
11.bxc3 Bb4e7
12.Bd3xh7 g6
13.Bh7xg6 fxg6
14.Qc2xg6 Kd7
15.Qg6f5 Ke8
16.e6 Qd8c8
17.Nf3g5 Nc6d8
18.Qf5g6 Kf8
19.Ng5h7 Rh8xh7
20.Qg6xh7 Qc8xe6
21.Bc1h6 Ke8
22.Ra1e1 Qe6f7
23.Qh7xf7 Nd8xf7
24.Bh6g7 Kd7
25.f4 Ra8g8
26.Bg7e5 c5
27.Rf1f3 Nf7xe5
28.fxe5 cxd4
29.cxd4 Rg8g4
30.Re1d1 Bb7a6
31.Kf2 Rg4e4
{ resign }
0-1

[Event "Tourn. n8887"]
[Site "www.chess-mail.com"]
[Date "2016.07.30"]
[Round "1"]
[White "Conde7"]
[Black "Pimpampum"]
[WhiteElo "2850"]
[BlackElo "2220"]
[Result "1-0"]
[Round "1"]
1.e4 e5
2.Ng1f3 Nb8c6
3.Bf1b5 Ng8f6
4.d3 Bf8c5
5.Bb5xc6 dxc6
6.O-O Qd8d6
7.Nb1d2 Bc8g4
8.Nd2c4 Qd6e6
9.Nc4xe5 Bg4h5
10.Bc1f4 O-O-O
11.Qd1e1 Bc5d6
12.Nf3d4 Qe6e7
13.Qe1a5 c5
14.Ne5c6 bxc6
15.Qa5a6 Kd7
16.Qa6xc6 Kc8
17.Qc6a6 Kd7
18.Qa6b5 Kc8
19.Nd4c6 Qe7e6
20.Nc6xa7 
1-0

[Event "Tourn. n8873"]
[Site "www.chess-mail.com"]
[Date "2016.07.30"]
[Round "1"]
[White "Sachpat"]
[Black "Andychesston"]
[WhiteElo "2109"]
[BlackElo "1990"]
[Result "1-0"]
[Round "1"]
1.e4 e5
2.Ng1f3 Nb8c6
3.Bf1b5 d6
4.d4 Bc8g4
5.dxe5 a6
6.Bb5xc6 bxc6
7.O-O Bg4xf3
8.Qd1xf3 dxe5
9.Bc1e3 Bf8e7
10.Qf3g3 Be7f6
11.Nb1a3 Ra8b8
12.f4 Qd8d6
13.Na3c4 Qd6b4
14.fxe5 Qb4xc4
15.exf6 Ng8xf6
16.Qg3xg7 Ke7
17.Qg7xf6 { resign }
1-0

[Event "Tourn. n8896"]
[Site "www.chess-mail.com"]
[Date "2016.07.30"]
[Round "1"]
[White "Amaya"]
[Black "Caspito"]
[WhiteElo "2080"]
[BlackElo "1880"]
[Result "1-0"]
[Round "1"]
1.d4 Ng8f6
2.e3 d5
3.Bf1d3 Nb8c6
4.c3 e5
5.Nb1d2 e4
6.Bd3c2 Bc8f5
7.f3 Bf8e7
8.fxe4 Nf6xe4
9.Nd2xe4 dxe4
10.Ng1e2 Be7g5
11.O-O Bf5g6
12.Ne2f4 Qd8d6
13.b3 O-O-O
14.Qd1g4 f5
15.Qg4xg5 Nc6e7
16.a4 h6
17.Qg5h4 Bg6h7
18.Bc1a3 Qd6c6
19.Qh4xe7 { resign }
1-0

[Event "Tourn. n8910"]
[Site "www.chess-mail.com"]
[Date "2016.07.30"]
[Round "1"]
[White "Bojan"]
[Black "Jhzes"]
[WhiteElo "1940"]
[BlackElo "1870"]
[Result "0-1"]
[Round "1"]
1.e4 e5
2.Ng1f3 Nb8c6
3.Bf1b5 a6
4.Bb5xc6 dxc6
5.Nb1c3 f6
6.d4 exd4
7.Qd1xd4 Qd8xd4
8.Nf3xd4 c5
9.Nd4f3 b5
10.Bc1e3 Bc8b7
11.Nc3d5 Bb7xd5
12.exd5 O-O-O
13.O-O-O Bf8d6
14.g3 Ng8e7
15.Rh1e1 c4
16.b3 Bd6b4
17.Be3d2 Bb4xd2
18.Rd1xd2 Ne7xd5
19.Re1e6 Kb7
20.Kb2 c3
21.Kc1 cxd2
22.Nf3xd2 Nd5c3
23.a3 Rd8d6
24.Re6e3 Nc3d5
25.Re3e1 Rh8d8
26.c4 Nd5c3
{ resign }
0-1

[Event "Tourn. n8790"]
[Site "www.chess-mail.com"]
[Date "2016.07.30"]
[Round "1"]
[White "Ditto"]
[Black "Claudia"]
[WhiteElo "1710"]
[BlackElo "1920"]
[Result "0-1"]
[Round "1"]
1.e4 c5
2.Nb1c3 Nb8c6
3.Bf1b5 Nc6d4
4.Bb5c4 e6
5.d3 d6
6.Bc1g5 Qd8xg5
7.g3 Qg5d8
8.Nc3b1 b5
9.Bc4b3 Bc8b7
10.Nb1d2 Ng8f6
11.Ng1f3 Nd4xb3
12.Nd2xb3 Bf8e7
13.Qd1d2 a5
14.Qd2e2 a4
15.Nb3d2 O-O
16.h4 Qd8a5
17.a3 c4
18.dxc4 Nf6xe4
19.c3 Ne4xd2
20.Qe2xd2 Bb7xf3
21.Rh1g1 bxc4
22.Qd2e3 Bf3d5
23.O-O-O Ra8b8
24.Rd1d2 Rb8b3
25.g4 Be7f6
26.Rd2c2 Qa5b6
27.Qe3g3 Bd5e4
28.Rc2e2 Bf6e5
29.f4 Be5xf4
30.Qg3xf4 Qb6xg1
31.Kd2 Rb3xb2
{ resign }
0-1